V létě byli investoři aktivní
Zahraničné akciové trhy. Toto leto nepatrilo na akciových trhoch k najkľudnejším. Aj keď sa hodnoty indexov takmer nezmenili, našli sa aj tituly, ktoré behom prázdnin posilnili, alebo naopak zoslabli o niekoľko desiatok percent. Finančný sektor - v centre pozornosti. Bankový sektor v Nemecku. Zaujím...
Gespeichert in:
| 1. Verfasser: | |
|---|---|
| Weitere Verfasser: | |
| Format: | Buchkapitel |
| Sprache: | Tschechisch |
| Schlagworte: | |
| Tags: |
Keine Tags, Fügen Sie das erste Tag hinzu!
|
MARC
| LEADER | 00000naa$a2200000$$$4500 | ||
|---|---|---|---|
| 001 | 0081416 | ||
| 005 | 20230804111056.3 | ||
| 041 | 0 | |a cze | |
| 044 | |a CZ | ||
| 245 | 1 | 0 | |a V létě byli investoři aktivní |c Marek Hatlapatka, Ondřej Moravanský |
| 520 | |a Zahraničné akciové trhy. Toto leto nepatrilo na akciových trhoch k najkľudnejším. Aj keď sa hodnoty indexov takmer nezmenili, našli sa aj tituly, ktoré behom prázdnin posilnili, alebo naopak zoslabli o niekoľko desiatok percent. Finančný sektor - v centre pozornosti. Bankový sektor v Nemecku. Zaujímavosti na trhu s ropou. Vývoj úrokových sadzieb na americkom hypotékovom trhu. | ||
| 610 | 2 | 0 | |a trh finančný |
| 610 | 2 | 0 | |a trh finančný medzinárodný |
| 610 | 2 | 0 | |a trh hypotekárny |
| 610 | 2 | 0 | |a trh burzový |
| 610 | 2 | 0 | |a akcie |
| 610 | 2 | 0 | |a investori |
| 610 | 2 | 0 | |a svet |
| 610 | 2 | 0 | |a ropa |
| 610 | 2 | 0 | |a ceny |
| 100 | 1 | |a Hatlapatka, Marek | |
| 700 | 1 | |a Moravanský, Ondřej | |